Mots de la langue française terminés par "gale" - Statistiques

Statistiques générales
  • Ce quiz a été pris 181 fois
  • Le résultat moyen est 9 sur 16
Statistiques - réponses
Indice Mot % Correct
équivalente égale
94%
maladie gale
92%
araignée mygale
89%
grande faim fringale
85%
irrégulière inégale
80%
zone géographique de l'Inde Bengale
67%
conforme légale
66%
non conforme illégale
65%
insecte cigale
58%
relatif à un nerf : syncope .... vagale
44%
plante ou os astragale
43%
bande de tissu, de cuir martingale
38%
sobre frugale
37%
matrimoniale conjugale
27%
wallaby pétrogale
1%
grande arbalète espringale
0%
Aucun quiz correspondant
Distribution des résultats
% des personnes avec chaque résultat
Percentile par nombre de réponses
Votre historique - résultats
Vous n’avez pas pris ce quiz